Zapojenie dobrovoľníkov do prípravy a realizácie podujatí v cestovnom ruchu na Slovensku z pohľadu organizátorov

Význam dobrovoľníckeho cestovného ruchu. Dobrovoľnícky cestovný ruch v literatúre. Dotazníkový prieskum, ktorého cieľom bolo preskúmať, do akej miery organizátori podujatí na Slovensku zapájajú do prípravy a realizácie podujatí dobrovoľníkov a zhodnotiť úroveň profesionalizácie práce s dobrovoľníkmi...

Descripción completa

Guardado en:
Detalles Bibliográficos
Autor principal: Pompurová, Kristína
Formato: Capítulo de libro
Lenguaje:eslovaco
Materias:
Etiquetas: Agregar Etiqueta
Sin Etiquetas, Sea el primero en etiquetar este registro!

MARC

LEADER 00000naa a2200000 4500
001 0249907
005 20190109101217.4
041 0 |a slo 
044 |a CZ 
245 1 0 |a Zapojenie dobrovoľníkov do prípravy a realizácie podujatí v cestovnom ruchu na Slovensku z pohľadu organizátorov  |c Kristína Pompurová 
520 |a Význam dobrovoľníckeho cestovného ruchu. Dobrovoľnícky cestovný ruch v literatúre. Dotazníkový prieskum, ktorého cieľom bolo preskúmať, do akej miery organizátori podujatí na Slovensku zapájajú do prípravy a realizácie podujatí dobrovoľníkov a zhodnotiť úroveň profesionalizácie práce s dobrovoľníkmi s dôrazom na dobrovoľníkov v cestovnom ruchu. 
610 2 0 |a dobrovoľníctvo 
610 2 0 |a ruch cestovný 
610 2 0 |a organizácie 
610 2 0 |a firmy 
610 2 0 |a prieskum 
610 2 0 |a Slovensko 
100 1 |a Pompurová, Kristína